000
00340pam a2200157a 44500
008
230515b2011 xxu||||| |||| 00| 0 eng d
020
_a
NULL
041
_a
ENGLISH
082
_a
616.075/UMA
100
_a
UMARJI
245
_a
CONCISE ORAL RADIOLOGY
250
_a
2ND
260
_a
_b
C B S PUB
_c
2011
300
_a
286
650
_a
NULL
999
_c
562829
_d
562829